| 000 | 00606nam a22002057a 4500 | ||
|---|---|---|---|
| 003 | UA-OsUOA | ||
| 001 | 45084 | ||
| 007 | ta | ||
| 008 | 20070327b un ||||| |||| 00| 0 ukr d | ||
| 100 | _aРомашова Н. | ||
| 090 |
_a34 _bР-11 |
||
| 942 | _cSA | ||
| 040 |
_aUA-OsUOA _cUA-OsUOA _dUA-OsUOA |
||
| 245 | _aВіталій Бойко: "Судова реформа - не справа чиновників, це стосується всіх громадян" | ||
| 300 | _aС.1 | ||
| 955 | _a0 | ||
| 080 | _a34 | ||
| 773 | 0 | _w45083 | |
| 650 | 7 |
_a34 Право. Юриспруденція _2UDC |
|
| 999 |
_c331195 _d331195 |
||